[Event "Avoine op 24th"]
[Site "Avoine"]
[Date "2009.07.25"]
[Round "8"]
[White "Letemple, Frederic"]
[Black "Bognet, Ronan"]
[Result "1-0"]
[WhiteElo "2004"]
[BlackElo "1744"]
[PlyCount "95"]
[EventDate "2009.07.18"]
[EventType "swiss"]
[EventRounds "9"]
[EventCountry "FRA"]
[SourceTitle "CBM 131 Extra"]
[Source "ChessBase"]
[SourceDate "2009.09.03"]
[SourceVersion "2"]
[SourceVersionDate "2009.09.16"]
[SourceQuality "1"]

1. f4 e5 2. fxe5 d6 3. exd6 Bxd6 4. Nf3 Bg4 5. g3 h5 6. d4 Bxf3 7. exf3 h4 8. Qe2+ Kf8 9. g4 Qf6 10. c3 Nd7 11. Be3 Re8 12. Nd2 Qe6 13. Ne4 Ngf6 14. Nxd6 cxd6 15. Kf2 Qd5 16. Rg1 Nb6 17. Qb5 Qe6 18. Qd3 Nc4 19. Bd2 d5 20. b3 Nxd2 21. Qxd2 Qd6 22. Rg2 g6 23. Bb5 Re6 24. Re1 Kg7 25. Rxe6 Qxe6 26. Kg1 Nh7 27. Qe2 Rc8 28. Qxe6 fxe6 29. Rc2 Rc7 30. Bd3 g5 31. Bxh7 Kxh7 32. Kf2 b5 33. Ke3 Kg6 34. f4 b4 35. c4 a5 36. c5 Rc6 37. Rf2 a4 38. bxa4 Ra6 39. fxg5 Kxg5 40. Rc2 Rxa4 41. c6 Ra8 42. c7 Rc8 43. h3 Kf6 44. Kf4 Ke7 45. Ke5 Kd7 46. g5 Ke7 47. g6 Kd7 48. g7 1-0